[Event "SVK-chT1W 0910"]
[Site "Slovakia"]
[Date "2009.12.13"]
[Round "5.5"]
[White "Szeko, Ludovit"]
[Black "Berek, Geza"]
[Result "1/2-1/2"]
[WhiteElo "2115"]
[BlackElo "2222"]
[PlyCount "34"]
[EventDate "2009.10.17"]
[EventType "team"]
[EventRounds "11"]
[EventCountry "SVK"]
[SourceTitle "EXT 2011"]
[Source "ChessBase"]
[SourceDate "2010.11.26"]
[SourceVersion "1"]
[SourceVersionDate "2010.11.26"]
[SourceQuality "1"]
[WhiteTeam "Nove Zamky Basta"]
[BlackTeam "Tlmace"]
[WhiteTeamCountry "SVK"]
[BlackTeamCountry "SVK"]

1. Nf3 g6 2. g3 Bg7 3. Bg2 Nf6 4. 0-0 0-0 5. d3 d6 6. c3 e5 7. Qc2 c6 8. e4 Qc7 9. a4 a5 10. Re1 h6 11. Nbd2 Be6 12. b3 Re8 13. Bb2 Na6 14. Bf1 d5 15. d4 exd4 16. Nxd4 dxe4 17. Nxe6 Rxe6 1/2-1/2

[Event "SVK-chT1W 0910"]
[Site "Slovakia"]
[Date "2009.11.14"]
[Round "3.1"]
[White "Szeko, Ludovit"]
[Black "Lukacovic, Miroslav"]
[Result "1-0"]
[WhiteElo "2115"]
[BlackElo "1975"]
[PlyCount "105"]
[EventDate "2009.10.17"]
[EventType "team"]
[EventRounds "11"]
[EventCountry "SVK"]
[SourceTitle "EXT 2011"]
[Source "ChessBase"]
[SourceDate "2010.11.26"]
[SourceVersion "1"]
[SourceVersionDate "2010.11.26"]
[SourceQuality "1"]
[WhiteTeam "Nove Zamky Basta"]
[BlackTeam "Galanta"]
[WhiteTeamCountry "SVK"]
[BlackTeamCountry "SVK"]

1. a3 g6 2. c4 c5 3. Nc3 Bg7 4. Nf3 Nc6 5. g3 Nf6 6. Bg2 0-0 7. 0-0 d6 8. h3 Bd7 9. Kh2 Nd4 10. Nxd4 cxd4 11. Nb5 Qb6 12. a4 a6 13. Na3 Bc6 14. Bxc6 bxc6 15. Rb1 c5 16. d3 Rab8 17. b3 Rb7 18. Bd2 Rfb8 19. Nc2 d5 20. b4 e5 21. b5 Qe6 22. Na3 dxc4 23. dxc4 Ne4 24. Qc2 Nd6 25. bxa6 Rxb1 26. Rxb1 Qc8 27. Rxb8 Qxb8 28. Nb5 Bf8 29. f4 f6 30. fxe5 fxe5 31. Qb3 Qa8 32. a7 Nc8 33. Qf3 e4 34. Qf6 Nxa7 35. Qe6+ Kh8 36. Qa6 e3 37. Be1 Qe4 38. Nxa7 Qc2 39. Qf6+ Kg8 40. Qe6+ Kg7 41. Qg4 Qxc4 42. a5 Qf7 43. Nc6 Qf1 44. Ne5 Bd6 45. Nd3 Qf7 46. a6 Qa7 47. Qc8 c4 48. Qxc4 Bc7 49. Qc6 Kf7 50. Qb7 Qxb7 51. axb7 Ke6 52. Ba5 Bb8 53. Nc5+ 1-0

[Event "SVK-chT1W 0910"]
[Site "Slovakia"]
[Date "2009.10.17"]
[Round "1.4"]
[White "Banas, Kamil"]
[Black "Szeko, Ludovit"]
[Result "0-1"]
[WhiteElo "2225"]
[BlackElo "2115"]
[PlyCount "84"]
[EventDate "2009.10.17"]
[EventType "team"]
[EventRounds "11"]
[EventCountry "SVK"]
[SourceTitle "EXT 2011"]
[Source "ChessBase"]
[SourceDate "2010.11.26"]
[SourceVersion "1"]
[SourceVersionDate "2010.11.26"]
[SourceQuality "1"]
[WhiteTeam "Modra"]
[BlackTeam "Nove Zamky Basta"]
[WhiteTeamCountry "SVK"]
[BlackTeamCountry "SVK"]

1. d4 Nf6 2. c4 g6 3. Nc3 Bg7 4. e4 d6 5. Be2 0-0 6. Nf3 e5 7. 0-0 Nc6 8. d5 Ne7 9. Ne1 Ne8 10. Nd3 f5 11. f3 Nf6 12. Bd2 h6 13. c5 g5 14. cxd6 cxd6 15. Nf2 Ng6 16. Rc1 Rf7 17. Qc2 f4 18. Nb5 Ne8 19. a4 h5 20. b4 Bd7 21. Qb3 Nh4 22. Rc3 a6 23. Na3 Bh6 24. Rfc1 Kh7 25. a5 Rg7 26. Qd1 b5 27. axb6 Qxb6 28. Nc4 Qa7 29. Kf1 Bb5 30. Na5 Nf6 31. Bxb5 axb5 32. Qc2 g4 33. Rc7 gxf3 34. Rxa7 fxg2+ 35. Ke2 Raxa7 36. Nh3 Ng4 37. Kd3 Nf3 38. Qc8 Raf7 39. Qd8 Nxd2 40. Rc8 Nf2+ 41. Kxd2 f3+ 42. Kc2 Nxh3 0-1